UM Logo

Human rights still sore point in PH-EU ties/ (Record no. 11352)

MARC details
000 -LEADER
fixed length control field 00383nam a2200121 4500
008 - FIXED-LENGTH DATA ELEMENTS--GENERAL INFORMATION
fixed length control field 181117b ||||| |||| 00| 0 eng d
100 ## - MAIN ENTRY--PERSONAL NAME
9 (RLIN) 32608
Personal name Salaverria, Leila B.
245 ## - TITLE STATEMENT
Title Human rights still sore point in PH-EU ties/
Statement of responsibility, etc. Leila B. Salaverria
260 ## - PUBLICATION, DISTRIBUTION, ETC. (IMPRINT)
Place of publication, distribution, etc. Philippines
Name of publisher, distributor, etc. Philippine Daily Inquirer
Date of publication, distribution, etc. c2017
300 ## - PHYSICAL DESCRIPTION
Extent page A5.
650 #0 - SUBJECT ADDED ENTRY--TOPICAL TERM
9 (RLIN) 32609
Topical term or geographic name as entry element Human rights.
942 ## - ADDED ENTRY ELEMENTS (KOHA)
Source of classification or shelving scheme Dewey Decimal Classification
Koha item type Periodicals
Holdings
Withdrawn status Lost status Source of classification or shelving scheme Damaged status Not for loan Collection code Home library Current library Date acquired Total Checkouts Date last seen Price effective from Koha item type Public note
    Dewey Decimal Classification     Periodicals UM Digos College - LIC UM Digos College - LIC 11/17/2018   11/17/2018 11/17/2018 Periodicals Newspaper Clippings